Izraelsko-palestínsky mierový proces na začiatku 90. rokov (od Madridu po Oslo) diplomová práca

Saved in:
Bibliographic Details
Main Author: Ondo, Marko
Corporate Author: Fakulta medzinárodných vzťahov EU. Katedra medzinárodných politických vzťahov
Other Authors: Sorby, Karol R.
Format: Book
Language:Slovak
Published: Bratislava 2018
Tags: Add Tag
No Tags, Be the first to tag this record!

MARC

LEADER 00000nbm a2200000 4500
001 0244430
005 20180807080352.5
041 0 |a slo 
044 |a SK 
245 1 0 |a Izraelsko-palestínsky mierový proces na začiatku 90. rokov (od Madridu po Oslo)  |b diplomová práca  |c Marko Ondo ; školiteľ: Karol Sorby 
264 1 |a Bratislava  |c 2018 
300 |a 65 s. 
100 1 |a Ondo, Marko 
700 1 |a Sorby, Karol R. 
710 2 |a Fakulta medzinárodných vzťahov EU. Katedra medzinárodných politických vzťahov